Online katalóg knižníc regiónu Turca

Pamätnica Slovenského národného divadla : (Record no. 20064)

MARC details
000 -LEADER
fixed length control field 01033nam a22003011 4500
001 - CONTROL NUMBER
control field 20064
003 - CONTROL NUMBER IDENTIFIER
control field CZ PrNK
005 - DATE AND TIME OF LATEST TRANSACTION
control field 20260115120009.0
007 - PHYSICAL DESCRIPTION FIXED FIELD--GENERAL INFORMATION
fixed length control field ta
008 - FIXED-LENGTH DATA ELEMENTS--GENERAL INFORMATION
fixed length control field 030608s1960 xo g 011 0 slo
020 ## - INTERNATIONAL STANDARD BOOK NUMBER
Qualifying information (Váz.) :
Terms of availability Kčs 58,00
040 ## - CATALOGING SOURCE
Original cataloging agency ABA001
Language of cataloging cze
Transcribing agency ABA001
Modifying agency ABA001
072 #7 - SUBJECT CATEGORY CODE
Subject category code 792
Subject category code subdivision Divadlo. Divadelní představení
Source Konspekt
080 ## - UNIVERSAL DECIMAL CLASSIFICATION NUMBER
Universal Decimal Classification number 792.05-027.542
Edition identifier MRF
080 ## - UNIVERSAL DECIMAL CLASSIFICATION NUMBER
Universal Decimal Classification number (437.6)
Edition identifier MRF
080 ## - UNIVERSAL DECIMAL CLASSIFICATION NUMBER
Universal Decimal Classification number (082)
Edition identifier MRF
245 00 - TITLE STATEMENT
Title Pamätnica Slovenského národného divadla :
Remainder of title sborník /
Statement of responsibility, etc. [šéfredaktor Ján Ferenčík]
250 ## - EDITION STATEMENT
Edition statement 1. vyd.
260 ## - PUBLICATION, DISTRIBUTION, ETC.
Place of publication, distribution, etc. Bratislava :
Name of publisher, distributor, etc. Slovenské vydavateľstvo krásnej literatúry,
Date of publication, distribution, etc. 1960
300 ## - PHYSICAL DESCRIPTION
Extent 521 s. :
Other physical details obr. příl. ;
Dimensions 27 cm
500 ## - GENERAL NOTE
General note Vydáno z príležitosti 40. výročia založenia Slovenského národného divadla
610 27 - SUBJECT ADDED ENTRY--CORPORATE NAME
Corporate name or jurisdiction name as entry element Slovenské národné divadlo
Source of heading or term czenas
650 07 - SUBJECT ADDED ENTRY--TOPICAL TERM
Topical term or geographic name entry element národní divadla
Geographic subdivision Slovensko
Source of heading or term czenas
655 #7 - INDEX TERM--GENRE/FORM
Genre/form data or focus term sborníky
Source of term czenas
700 1# - ADDED ENTRY--PERSONAL NAME
Personal name Ferenčík, Ján,
Dates associated with a name 1923-1989
Relationship edt
910 ## - USER-OPTION DATA (OCLC)
User-option data ABA001
942 ## - ADDED ENTRY ELEMENTS (KOHA)
Source of classification or shelving scheme Dewey Decimal Classification
Koha item type Odborná literatúra pre dospelých
Suppress in OPAC No
Holdings
Stav vyradenia Strata Poškodenie Spôsob nadobudnutia Domovská knižnica Aktuálna knižnica Dátum nadobudnutia Total checkouts Čiarový kód exemplára Date last seen Typ exemplára
      Dar Obecná knižnica Horná Štubňa Obecná knižnica Horná Štubňa 15.01.2026   4736200042 15.01.2026 Odborná literatúra pre dospelých
Projekt je podporený Slovenskou asociáciou knižníc
Prevádzkuje Turčianska knižnica Martin 2026